000 00232nam a22000977a 4500
999 _c522512
_d522512
082 _aTNC
100 _aKumar, Satish
_937698
245 _aThe United Nations at 50 :
_bAn Indian view
260 _aNew Delhi
_bUBS
_c1995
300 _a257p.